[Event "IND-ch (Women) 49th"]
[Site "Ahmedabad"]
[Date "2023.07.09"]
[Round "10"]
[White "Kriti, Mayur Patel"]
[Black "Ankitha, Goud Palle"]
[Result "1-0"]
[WhiteElo "1456"]
[BlackElo "1977"]
[PlyCount "83"]
[EventDate "2023.06.30"]
[EventType "swiss"]
[EventRounds "11"]
[EventCountry "IND"]
[SourceTitle "CBM 215 Extra"]
[Source "ChessBase"]
[SourceDate "2023.09.30"]
[SourceVersion "1"]
[SourceVersionDate "2023.09.30"]
[SourceQuality "1"]

1. e4 e5 2. Nf3 Nc6 3. Bc4 Bc5 4. c3 d6 5. d3 Nf6 6. Nbd2 a6 7. Bb3 Ba7 8. h3 h6 9. Nf1 Be6 10. Ng3 Qd7 11. 0-0 g5 12. Bxe6 fxe6 13. Nh2 0-0-0 14. a4 Rdg8 15. Ng4 Ne8 16. Nh5 Qf7 17. Nh2 Nf6 18. Nxf6 Qxf6 19. Qh5 d5 20. Bd2 Rf8 21. Ng4 Qg7 22. b4 Ne7 23. Ne3 Ng6 24. g3 Rhg8 25. Ng4 Rh8 26. Ne3 Ne7 27. Qg4 Qg6 28. Nxd5 Ng8 29. Ne3 Rd8 30. Qe2 h5 31. Nc4 Qf6 32. Be3 Bxe3 33. fxe3 Qg7 34. Rf2 g4 35. h4 Nh6 36. Raf1 b5 37. axb5 axb5 38. Na5 Rhf8 39. Qa2 Rxf2 40. Qxe6+ Qd7 41. Qa6+ Kb8 42. Qb7# 1-0

[Event "Groningen op 58th"]
[Site "Groningen"]
[Date "2022.12.26"]
[Round "5"]
[White "Boer, Alef"]
[Black "Ankitha, Goud Palle"]
[Result "1-0"]
[WhiteElo "2091"]
[BlackElo "1980"]
[PlyCount "69"]
[EventDate "2022.12.21"]
[EventType "swiss"]
[EventRounds "9"]
[EventCountry "NED"]
[SourceTitle "CBM 211 Extra"]
[Source "ChessBase"]
[SourceDate "2023.01.31"]
[SourceVersion "1"]
[SourceVersionDate "2023.01.31"]
[SourceQuality "1"]

1. e4 e6 2. d4 d5 3. e5 c5 4. c3 Nc6 5. Nf3 Qb6 6. Bd3 Bd7 7. dxc5 Bxc5 8. 0-0 a5 9. a4 Nge7 10. Qe2 Qc7 11. Na3 Ng6 12. Nb5 Qb8 13. Re1 Na7 14. Nbd4 Nc8 15. h4 h5 16. g3 Nce7 17. Ng5 Qc7 18. Kg2 Nxe5 19. Bf4 Bd6 20. Nb5 Bxb5 21. Bxb5+ Kf8 22. Bxe5 Bxe5 23. Qxe5 Qxe5 24. Rxe5 f6 25. Nxe6+ Kf7 26. Re2 Nc6 27. Nf4 Rad8 28. Rd1 Ne7 29. Rxe7+ Kxe7 30. Ng6+ Ke6 31. Re1+ Kd6 32. Nxh8 Rxh8 33. Re8 Rh6 34. Rg8 Rg6 35. Be2 1-0

[Event "Sitges Sunway op 9th"]
[Site "Sitges"]
[Date "2022.12.12"]
[Round "1"]
[White "Ankitha, Goud Palle"]
[Black "Dionisi, Thomas"]
[Result "0-1"]
[WhiteElo "1980"]
[BlackElo "2390"]
[PlyCount "76"]
[EventDate "2022.12.12"]
[EventType "swiss"]
[EventRounds "10"]
[EventCountry "ESP"]
[SourceTitle "CBM 211 Extra"]
[Source "ChessBase"]
[SourceDate "2023.01.31"]
[SourceVersion "1"]
[SourceVersionDate "2023.01.31"]
[SourceQuality "1"]

1. d4 Nf6 2. c4 e6 3. Nf3 b6 4. g3 Bb7 5. Bg2 Be7 6. 0-0 0-0 7. Nc3 Ne4 8. Qc2 Nxc3 9. Qxc3 a5 10. a3 a4 11. Bf4 d6 12. Rfe1 f5 13. Rad1 Bf6 14. Qc1 Na6 15. h4 Qe7 16. Qc2 Qe8 17. Qc1 h6 18. Qe3 Be4 19. g4 e5 20. dxe5 dxe5 21. Bh2 Bxf3 22. Qxf3 e4 23. Qxf5 Bxh4 24. Qd5+ Kh8 25. Rf1 Nc5 26. Bxc7 Qg6 27. Qh5 Qf6 28. Bd6 Rfe8 29. Bxc5 bxc5 30. Qxc5 Rac8 31. Qb5 Rb8 32. Qxa4 Qf4 33. Qd7 Rf8 34. e3 Bxf2+ 35. Rxf2 Qxf2+ 36. Kh1 Rxb2 37. Rg1 Qh4+ 38. Bh3 Qxh3# 0-1

[Event "Roquetas de Mar op 33rd"]
[Site "Roquetas de Mar"]
[Date "2022.01.04"]
[Round "1"]
[White "Martinez Ramirez, Lennis"]
[Black "Ankitha, Goud Palle"]
[Result "1-0"]
[WhiteElo "2456"]
[BlackElo "2012"]
[PlyCount "95"]
[EventDate "2022.01.04"]
[EventType "swiss"]
[EventRounds "9"]
[EventCountry "ESP"]
[SourceTitle "EXT 2023"]
[Source "ChessBase"]
[SourceDate "2022.10.05"]
[SourceVersion "1"]
[SourceVersionDate "2022.10.05"]
[SourceQuality "1"]

1. d4 Nf6 2. c4 d6 3. Nc3 Nbd7 4. e4 e5 5. d5 Nc5 6. Bd3 a5 7. Bc2 Bg4 8. f3 Bh5 9. Be3 Nfd7 10. h4 Be7 11. Bf2 h6 12. Nge2 Bg6 13. h5 Bh7 14. g4 Bg5 15. b3 0-0 16. a3 g6 17. Ng3 Qf6 18. Kf1 Kh8 19. Kg2 Rg8 20. b4 axb4 21. axb4 Rxa1 22. Qxa1 Na6 23. Qa3 Bd2 24. Rd1 Qg5 25. hxg6 fxg6 26. c5 Rf8 27. c6 bxc6 28. Nb1 Nxb4 29. Rxd2 c5 30. Bd1 Nb6 31. Be2 h5 32. Qe3 Rf4 33. Nc3 hxg4 34. fxg4 Bg8 35. Nf1 Qe7 36. Qh3+ Bh7 37. Be3 Rf8 38. Nh2 Nd7 39. g5 Ra8 40. Nb5 Nf8 41. Ng4 Ra5 42. Nf6 Ra1 43. Qc8 Na6 44. Bg4 Bg8 45. Rf2 Bf7 46. Be6 Bxe6 47. dxe6 Kg7 48. Nd5 1-0

[Event "Gibraltar Challengers op-A"]
[Site "Caleta"]
[Date "2020.01.23"]
[Round "4"]
[White "Meszaros, Andras"]
[Black "Ankitha, Goud Palle"]
[Result "1/2-1/2"]
[WhiteElo "2244"]
[BlackElo "1761"]
[PlyCount "56"]
[EventDate "2020.01.20"]
[EventType "swiss"]
[EventRounds "5"]
[EventCountry "GGB"]
[SourceTitle "CBM 194 Extra"]
[Source "ChessBase"]
[SourceDate "2020.03.31"]
[SourceVersion "1"]
[SourceVersionDate "2020.03.31"]
[SourceQuality "1"]

1. e4 e6 2. b3 d5 3. Bb2 c5 4. exd5 exd5 5. Bb5+ Bd7 6. Qe2+ Qe7 7. Nc3 Qxe2+ 8. Ngxe2 d4 9. Bxd7+ Kxd7 10. Ne4 Nc6 11. d3 Nh6 12. c3 f5 13. N4g3 Re8 14. 0-0 dxc3 15. Bxc3 Rg8 16. d4 g5 17. Rfe1 cxd4 18. Nxd4 Bg7 19. Red1 Kc8 20. Nxc6 Bxc3 21. Rac1 bxc6 22. Rxc3 Rg6 23. h3 f4 24. Nf1 Re2 25. Rdc1 Kc7 26. a3 Rge6 27. b4 Ng8 28. g3 R2e3 1/2-1/2

[Event "Nis op"]
[Site "Nis"]
[Date "2019.07.03"]
[Round "8"]
[White "Ankitha, Goud Palle"]
[Black "Krstic, Andrija Marko"]
[Result "0-1"]
[WhiteElo "1741"]
[BlackElo "2155"]
[PlyCount "90"]
[EventDate "2019.06.25"]
[EventType "swiss"]
[EventRounds "9"]
[EventCountry "SRB"]
[SourceTitle "EXT 2020"]
[Source "ChessBase"]
[SourceDate "2019.10.17"]
[SourceVersion "1"]
[SourceVersionDate "2019.10.17"]
[SourceQuality "1"]

1. e4 e5 2. Nf3 Nc6 3. Bb5 a6 4. Bxc6 dxc6 5. 0-0 Bg4 6. h3 Bh5 7. d3 Qf6 8. Nbd2 Bd6 9. Nc4 h6 10. Bd2 Bxf3 11. Qxf3 Qxf3 12. gxf3 Ne7 13. f4 exf4 14. Nxd6+ cxd6 15. Bxf4 Kd7 16. Bd2 Rae8 17. Rae1 f5 18. f4 fxe4 19. dxe4 Rhf8 20. Kg2 Ng6 21. Kg3 b6 22. Rf3 a5 23. Ree3 Re7 24. Kg4 Ref7 25. Rd3 h5+ 26. Kxh5 Ne5 27. fxe5 Rxf3 28. Rxd6+ Kc7 29. h4 Rg3 30. Bg5 Re8 31. Kg6 Rxe5 32. Rd4 c5 33. Rd3 Rg2 34. Re3 Re6+ 35. Kxg7 Rxc2 36. h5 Rxb2 37. h6 Rg2 38. Kf7 Rd6 39. Rh3 Rxg5 40. h7 Rd8 41. h8Q Rxh8 42. Rxh8 Re5 43. Rh4 b5 44. Kf6 Kd6 45. Rh8 Rxe4 0-1

[Event "Nis op"]
[Site "Nis"]
[Date "2019.06.29"]
[Round "5"]
[White "Radovic, Goran"]
[Black "Ankitha, Goud Palle"]
[Result "1/2-1/2"]
[WhiteElo "1837"]
[BlackElo "1741"]
[PlyCount "80"]
[EventDate "2019.06.25"]
[EventType "swiss"]
[EventRounds "9"]
[EventCountry "SRB"]
[SourceTitle "EXT 2020"]
[Source "ChessBase"]
[SourceDate "2019.10.17"]
[SourceVersion "1"]
[SourceVersionDate "2019.10.17"]
[SourceQuality "1"]

1. Nf3 b6 2. g3 Bb7 3. Bg2 Nf6 4. 0-0 e6 5. c4 Be7 6. d3 0-0 7. Nc3 c5 8. Bf4 d5 9. Qa4 Bc6 10. Qc2 Nbd7 11. Nd2 a6 12. e3 b5 13. Rfd1 b4 14. Ne2 e5 15. Bg5 h6 16. Bxf6 Nxf6 17. cxd5 Bxd5 18. Bxd5 Qxd5 19. Rac1 Rac8 20. Qc4 Qxc4 21. Nxc4 Nd7 22. b3 f5 23. d4 cxd4 24. exd4 exd4 25. Rxd4 Nf6 26. Rcd1 Bc5 27. R4d3 Ne4 28. Nd4 Rcd8 29. Kg2 f4 30. Ne6 f3+ 31. Kf1 Rxd3 32. Rxd3 Rf6 33. Nxc5 Nxc5 34. Re3 g5 35. h3 Kg7 36. Ne5 Re6 37. Nxf3 Rxe3 38. fxe3 Ne4 39. Kg2 Nc3 40. Nd4 Nxa2 1/2-1/2

[Event "Nis op"]
[Site "Nis"]
[Date "2019.06.26"]
[Round "2"]
[White "Ankitha, Goud Palle"]
[Black "Todev, Simeon"]
[Result "0-1"]
[WhiteElo "1741"]
[BlackElo "1941"]
[PlyCount "138"]
[EventDate "2019.06.25"]
[EventType "swiss"]
[EventRounds "9"]
[EventCountry "SRB"]
[SourceTitle "EXT 2020"]
[Source "ChessBase"]
[SourceDate "2019.10.17"]
[SourceVersion "1"]
[SourceVersionDate "2019.10.17"]
[SourceQuality "1"]

1. d4 Nf6 2. c4 e6 3. Nc3 c5 4. d5 Qa5 5. Nf3 exd5 6. cxd5 Bd6 7. e3 0-0 8. Be2 Re8 9. 0-0 Na6 10. Bxa6 Qxa6 11. Re1 b5 12. e4 b4 13. e5 Bxe5 14. Rxe5 Rxe5 15. Nxe5 bxc3 16. bxc3 Qd6 17. Ng4 Nxg4 18. Qxg4 Qxd5 19. Bf4 Qe4 20. Qg3 d5 21. Bd6 c4 22. f3 Qe3+ 23. Kh1 Bf5 24. Be5 Qh6 25. Re1 Qg6 26. Qxg6 Bxg6 27. Kg1 f6 28. Bd6 Rd8 29. Bc5 a5 30. Bb6 Rb8 31. Bxa5 Ra8 32. Bb6 Rxa2 33. Re7 Rb2 34. Bd4 h5 35. Rd7 Bf7 36. h4 Be6 37. Rd6 Kf7 38. Ra6 Rc2 39. Ra7+ Kg6 40. Kh2 Rb2 41. Kg3 Bc8 42. Bc5 Rc2 43. Bb4 Be6 44. Re7 Bf7 45. Kh3 f5 46. Kg3 f4+ 47. Kxf4 Rxg2 48. Re1 Rc2 49. Rg1+ Kh7 50. Ra1 Re2 51. Bc5 Be6 52. Ra7 Rh2 53. Be7 Rh1 54. Bc5 Rxh4+ 55. Ke5 Bg8 56. Bf8 Rh3 57. Rxg7+ Kh8 58. Kf4 Be6 59. Rg6 Bd7 60. Rd6 Ba4 61. Rxd5 Bc6 62. Rd8 Rxf3+ 63. Kg5 Kh7 64. Kxh5 Rxc3 65. Bb4 Rb3 66. Be1 c3 67. Rc8 Rb5+ 68. Kh4 Rc5 69. Bf2 c2 0-1

[Event "Veliko Gradiste Silver Lake op"]
[Site "Veliko Gradiste"]
[Date "2019.06.22"]
[Round "8"]
[White "Koutlas, Nikolaos"]
[Black "Ankitha, Goud Palle"]
[Result "1-0"]
[WhiteElo "1971"]
[BlackElo "1741"]
[PlyCount "79"]
[EventDate "2019.06.16"]
[EventType "swiss"]
[EventRounds "9"]
[EventCountry "SRB"]
[SourceTitle "CBM 191 Extra"]
[Source "ChessBase"]
[SourceDate "2019.09.30"]
[SourceVersion "1"]
[SourceVersionDate "2019.09.30"]
[SourceQuality "1"]

1. c4 e5 2. g3 Nf6 3. Bg2 d6 4. Nc3 Be7 5. e4 0-0 6. Nge2 c6 7. 0-0 a6 8. a4 a5 9. d4 Qc7 10. h3 Na6 11. b3 Re8 12. Ba3 Bf8 13. Rc1 Nb4 14. Bxb4 axb4 15. Na2 exd4 16. Qxd4 c5 17. Qd3 Bd7 18. Nf4 Bxa4 19. bxa4 Rxa4 20. Qb1 Qa5 21. Rc2 Nxe4 22. Re2 f5 23. Bxe4 fxe4 24. Rfe1 e3 25. Nc1 Ra1 26. Qd3 b3 27. Qxb3 exf2+ 28. Kxf2 Rxe2+ 29. Nfxe2 Qc7 30. Nf4 g5 31. Nd5 Qf7+ 32. Kg2 g4 33. hxg4 Bh6 34. Ne7+ Kh8 35. Qb2+ Bg7 36. Qxb7 Bf8 37. Qb2+ Bg7 38. Qb8+ Bf8 39. Nf5 Ra7 40. Re8 1-0

[Event "Veliko Gradiste Silver Lake op"]
[Site "Veliko Gradiste"]
[Date "2019.06.21"]
[Round "7"]
[White "Ankitha, Goud Palle"]
[Black "Krstic, Milos M"]
[Result "0-1"]
[WhiteElo "1741"]
[BlackElo "2048"]
[PlyCount "114"]
[EventDate "2019.06.16"]
[EventType "swiss"]
[EventRounds "9"]
[EventCountry "SRB"]
[SourceTitle "CBM 191 Extra"]
[Source "ChessBase"]
[SourceDate "2019.09.30"]
[SourceVersion "1"]
[SourceVersionDate "2019.09.30"]
[SourceQuality "1"]

1. d4 Nf6 2. Nf3 e6 3. e3 b6 4. Bd3 Bb7 5. 0-0 Be7 6. c4 d6 7. Nc3 Nbd7 8. a3 a5 9. b3 0-0 10. Bb2 Re8 11. e4 e5 12. d5 Nh5 13. g3 g6 14. Re1 Ng7 15. Bf1 f5 16. Bg2 Rf8 17. b4 h5 18. exf5 gxf5 19. Nd2 Bg5 20. Qe2 h4 21. Nf3 Bf6 22. Nb5 Ba6 23. bxa5 Bxb5 24. cxb5 Rxa5 25. Bc3 Ra7 26. Qc4 hxg3 27. hxg3 Nc5 28. a4 Ne4 29. Bb2 Qe7 30. Re3 Rfa8 31. Rea3 Nh5 32. Ne1 Nc5 33. Nc2 Qf7 34. Bc3 Qg6 35. Bf3 f4 36. Qe2 Ng7 37. Bg2 Rxa4 38. Rxa4 Rxa4 39. Rxa4 Nxa4 40. Be1 fxg3 41. fxg3 Nc5 42. Bf2 Nf5 43. Ne3 Nd4 44. Qd1 Nxb5 45. Ng4 Bg7 46. Bxc5 dxc5 47. Qa4 Nd6 48. Qd7 Nf7 49. Qc8+ Bf8 50. Qd7 Bg7 51. Qc8+ Kh7 52. Qxc7 e4 53. Qf4 Nd6 54. Nf2 Bd4 55. Qh4+ Kg7 56. Qe7+ Nf7 57. Kf1 Qf5 0-1

[Event "Veliko Gradiste Silver Lake op"]
[Site "Veliko Gradiste"]
[Date "2019.06.17"]
[Round "3"]
[White "Ankitha, Goud Palle"]
[Black "Galunova, Tsveta"]
[Result "1-0"]
[WhiteElo "1741"]
[BlackElo "2156"]
[PlyCount "55"]
[EventDate "2019.06.16"]
[EventType "swiss"]
[EventRounds "9"]
[EventCountry "SRB"]
[SourceTitle "CBM 191 Extra"]
[Source "ChessBase"]
[SourceDate "2019.09.30"]
[SourceVersion "1"]
[SourceVersionDate "2019.09.30"]
[SourceQuality "1"]

1. Nf3 c5 2. c4 Nf6 3. g3 d5 4. Bg2 d4 5. b4 cxb4 6. Qa4+ Bd7 7. Qxb4 Bc6 8. Ba3 e5 9. Qb2 Nbd7 10. 0-0 Bxa3 11. Qxa3 Qe7 12. Qxe7+ Kxe7 13. d3 Ne8 14. Nbd2 f5 15. Nb3 b6 16. a4 a5 17. Rfc1 Nef6 18. c5 bxc5 19. Nxc5 Bd5 20. Nxd7 Nxd7 21. Nxe5 Bxg2 22. Nxd7 Bh3 23. Nb6 Ra7 24. Nc8+ Rxc8 25. Rxc8 Rb7 26. Rc5 Rb2 27. Rxa5 Rxe2 28. Rd5 1-0

[Event "Commonwealth-ch U20 Girls"]
[Site "New Delhi"]
[Date "2018.06.29"]
[Round "4"]
[White "Ankitha, Goud Palle"]
[Black "Varshini, Veileven"]
[Result "0-1"]
[WhiteElo "1742"]
[BlackElo "2129"]
[PlyCount "68"]
[EventDate "2018.06.26"]
[EventType "swiss"]
[EventRounds "7"]
[EventCountry "IND"]
[SourceTitle "EXT 2019"]
[Source "ChessBase"]
[SourceDate "2018.10.10"]
[SourceVersion "1"]
[SourceVersionDate "2018.10.10"]
[SourceQuality "1"]

1. Nf3 d5 2. c4 e6 3. b3 Nf6 4. g3 Be7 5. Bg2 0-0 6. 0-0 c5 7. e3 Nc6 8. Bb2 b6 9. Qe2 Bb7 10. Rd1 Rc8 11. d3 Qc7 12. Nc3 a6 13. cxd5 Nxd5 14. Nxd5 exd5 15. d4 Rfd8 16. Rac1 Nb4 17. a3 Nc6 18. dxc5 bxc5 19. h4 Qb6 20. Qc2 d4 21. exd4 Nxd4 22. Nxd4 cxd4 23. Qe2 Rxc1 24. Rxc1 Bxg2 25. Kxg2 Qb7+ 26. Qf3 Qb5 27. Rd1 d3 28. Qe4 Bf8 29. Qc4 Qb7+ 30. Kg1 Qf3 31. Qc1 Rc8 32. Qxc8 Qxd1+ 33. Kg2 d2 34. Be5 Qc1 0-1

[Event "Asia-ch Universities (Women)"]
[Site "Tagaytay City"]
[Date "2018.05.29"]
[Round "5"]
[White "Mordido, Kylen Joy"]
[Black "Ankitha, Goud Palle"]
[Result "1-0"]
[WhiteElo "1863"]
[BlackElo "1741"]
[PlyCount "175"]
[EventDate "2018.05.27"]
[EventType "swiss"]
[EventRounds "9"]
[EventCountry "PHI"]
[SourceTitle "CBM 184 Extra"]
[Source "ChessBase"]
[SourceDate "2018.06.28"]
[SourceVersion "1"]
[SourceVersionDate "2018.06.28"]
[SourceQuality "1"]

1. c4 e5 2. g3 d6 3. Bg2 Nf6 4. Nc3 c6 5. d4 Nbd7 6. e3 Be7 7. Nge2 0-0 8. 0-0 Re8 9. b3 Bf8 10. Qc2 Qc7 11. Bb2 a6 12. Rac1 b6 13. Rfd1 Bb7 14. e4 Rac8 15. Re1 b5 16. Nd1 Qb8 17. Qb1 Qa8 18. cxb5 cxb5 19. Rxc8 Rxc8 20. d5 Nc5 21. Ne3 Qa7 22. Bc1 a5 23. Nc3 Ba6 24. Ncd1 Ncxe4 25. Ng4 Nxg4 26. Bxe4 Nf6 27. Be3 Qc7 28. Bf5 Ra8 29. Bg5 Nxd5 30. Bxh7+ Kh8 31. Qe4 g6 32. Bxg6 fxg6 33. Qxd5 Bb7 34. Qxb5 Qf7 35. Qd3 a4 36. b4 Rc8 37. Nc3 Bg7 38. Nb5 Qxa2 39. Nxd6 Rf8 40. Be3 Ba8 41. Qc4 Bd5 42. Qxa2 Bxa2 43. Bc5 Ra8 44. b5 Bd5 45. Re3 e4 46. Ba3 Rb8 47. Re2 Bf8 48. Rd2 Bxd6 49. Bb2+ Kg8 50. Rxd5 Bf8 51. Be5 Rb7 52. Bd4 a3 53. b6 Rb8 54. Ra5 Kf7 55. Kf1 Bd6 56. Ke2 Rc8 57. Ke3 Ke6 58. Kxe4 Rc1 59. h4 Rb1 60. g4 Rb4 61. Kd3 Rb3+ 62. Kc2 Rb4 63. Kc3 Rb1 64. Kd3 Rb3+ 65. Ke4 Rb4 66. f4 Bxf4 67. Kxf4 Rxd4+ 68. Kg5 Rd5+ 69. Rxd5 Kxd5 70. b7 a2 71. b8Q a1Q 72. Qg8+ Kc5 73. Qf8+ Kd5 74. Qf7+ Kc5 75. Kxg6 Qa6+ 76. Qf6 Qa2 77. Qf8+ Kd4 78. h5 Qc2+ 79. Qf5 Qe2 80. Qd7+ Kc4 81. h6 Qe4+ 82. Qf5 Qc6+ 83. Kg7 Qd6 84. Qf6 Qd1 85. g5 Kb4 86. h7 Qd7+ 87. Qf7 Qd4+ 88. Kg8 1-0

[Event "IND-ch U19 Girls"]
[Site "Kankarbagh"]
[Date "2017.09.08"]
[Round "8"]
[White "Ankitha, Goud Palle"]
[Black "Lakshmi, Chidambaram"]
[Result "0-1"]
[WhiteElo "1764"]
[BlackElo "1962"]
[PlyCount "96"]
[EventDate "2017.09.03"]
[EventType "swiss"]
[EventRounds "11"]
[EventCountry "IND"]
[SourceTitle "CBM 180 Extra"]
[Source "ChessBase"]
[SourceDate "2017.10.06"]
[SourceVersion "1"]
[SourceVersionDate "2017.10.06"]
[SourceQuality "1"]

1. c4 Nf6 2. g3 e6 3. Bg2 d5 4. Nf3 Be7 5. 0-0 0-0 6. b3 c5 7. Bb2 Nc6 8. e3 b6 9. Qe2 Ba6 10. d3 Qc7 11. Nc3 Rfd8 12. Rfd1 Rac8 13. Rac1 Qb8 14. Qe1 Nb4 15. a3 Nc6 16. Nb5 h6 17. Rb1 dxc4 18. dxc4 Bb7 19. Ne5 a6 20. Nxc6 Bxc6 21. Bxc6 Rxc6 22. Rxd8+ Bxd8 23. Nc3 Be7 24. Rd1 Rc8 25. e4 Rd8 26. Qe2 Rxd1+ 27. Qxd1 b5 28. Qd3 b4 29. axb4 Qxb4 30. Qc2 Ng4 31. Kg2 Bf6 32. h3 Ne5 33. Na2 Qb7 34. Bxe5 Bxe5 35. Nc1 f5 36. f3 fxe4 37. fxe4 a5 38. Qe2 Bd4 39. Qg4 Qb6 40. Qf3 Qb4 41. Qd3 Qe1 42. Ne2 Qf2+ 43. Kh1 Qf1+ 44. Kh2 Bg1+ 45. Kh1 Be3+ 46. Kh2 Qf2+ 47. Kh1 Qf3+ 48. Kh2 Bg1+ 0-1

[Event "IND-ch Challengers (Women) 43rd"]
[Site "Chennai"]
[Date "2016.06.19"]
[Round "4"]
[White "Shweta"]
[Black "Ankitha, Goud Palle"]
[Result "0-1"]
[WhiteElo "1412"]
[BlackElo "1741"]
[PlyCount "64"]
[EventDate "2016.06.17"]
[EventType "swiss"]
[EventRounds "11"]
[EventCountry "IND"]
[SourceTitle "CBM 173 Extra"]
[Source "ChessBase"]
[SourceDate "2016.08.29"]
[SourceVersion "1"]
[SourceVersionDate "2016.08.29"]
[SourceQuality "1"]

1. e4 d6 2. d4 Nf6 3. Bd3 e5 4. d5 Be7 5. Be3 c6 6. h3 Nbd7 7. c4 cxd5 8. cxd5 a6 9. Nc3 b5 10. a3 0-0 11. Nge2 Ne8 12. Qd2 g6 13. Ng3 Ng7 14. f4 Bh4 15. Nce2 exf4 16. Bxf4 Nc5 17. Bc2 Nh5 18. 0-0 Nxf4 19. Qxf4 Bg5 20. Qf3 Nd7 21. Nh1 Ne5 22. Qc3 Bd7 23. Nf2 Rc8 24. Qb3 Nc4 25. Rfd1 Qf6 26. Nd3 Na5 27. Qb4 Rxc2 28. Nc3 Nc4 29. Rf1 Qd4+ 30. Nf2 Rxb2 31. Nxb5 Bxb5 32. Rad1 Qxf2+ 0-1

[Event "IND-ch U25 Girls 5th"]
[Site "Bhubaneswar"]
[Date "2015.12.11"]
[Round "2"]
[White "Ankitha, Goud Palle"]
[Black "Bhakti, Kulkarni"]
[Result "0-1"]
[WhiteElo "1736"]
[BlackElo "2328"]
[PlyCount "62"]
[EventDate "2015.12.10"]
[EventType "swiss"]
[EventRounds "8"]
[EventCountry "IND"]
[SourceTitle "CBM 169 Extra"]
[Source "ChessBase"]
[SourceDate "2015.12.18"]
[SourceVersion "1"]
[SourceVersionDate "2015.12.18"]
[SourceQuality "1"]

1. d4 d5 2. Nf3 Nf6 3. e3 g6 4. Nbd2 Bg7 5. b4 c6 6. a4 a5 7. b5 c5 8. c4 cxd4 9. exd4 dxc4 10. Bxc4 0-0 11. 0-0 Nbd7 12. Re1 Nb6 13. Ba3 Nxc4 14. Nxc4 Be6 15. Ne3 h6 16. Rc1 Re8 17. Ne5 Nd5 18. N3c4 Bf5 19. g4 Be6 20. Nxg6 fxg6 21. Rxe6 Nf4 22. Re3 Bxd4 23. Re4 e5 24. Nd6 Rf8 25. Qb3+ Kh7 26. Rxd4 Ne2+ 27. Kf1 Nxc1 28. Qd5 exd4 29. Bxc1 Rc8 30. Bb2 Qd7 31. Qxd4 Rc2 0-1

[Event "IND-chB (Women) 42nd"]
[Site "Bhayandar"]
[Date "2015.07.02"]
[Round "1"]
[White "Ankitha, Goud Palle"]
[Black "Monnisha, GK."]
[Result "1-0"]
[WhiteElo "1585"]
[BlackElo "2288"]
[PlyCount "59"]
[EventDate "2015.07.02"]
[EventType "swiss"]
[EventRounds "11"]
[EventCountry "IND"]
[SourceTitle "CBM 167 Extra"]
[Source "ChessBase"]
[SourceDate "2015.09.14"]
[SourceVersion "1"]
[SourceVersionDate "2015.09.14"]
[SourceQuality "1"]

1. d4 Nf6 2. Nf3 d5 3. e3 Bf5 4. c4 c6 5. cxd5 cxd5 6. Qb3 Qc7 7. Nc3 e6 8. Bd2 Nc6 9. Rc1 a6 10. Be2 Bd6 11. 0-0 g5 12. h3 Rg8 13. Ne5 Bxe5 14. dxe5 Nd7 15. g4 Ndxe5 16. gxf5 g4 17. Kh1 gxh3 18. Rg1 0-0-0 19. Na4 h5 20. Bc3 Ng4 21. Bxg4 hxg4 22. Rg3 Kb8 23. Nc5 Ka8 24. fxe6 f5 25. Nd7 f4 26. Be5 Qa5 27. Bxf4 Qd2 28. Qc2 Qb4 29. a3 Qe7 30. Qc5 1-0

[Event "IND-chB (Women) 41st"]
[Site "Mapusa"]
[Date "2014.09.09"]
[Round "4"]
[White "Ankitha, Goud Palle"]
[Black "Arpita, Mukherjee"]
[Result "1/2-1/2"]
[WhiteElo "1534"]
[BlackElo "1883"]
[PlyCount "151"]
[EventDate "2014.09.07"]
[EventType "swiss"]
[EventRounds "11"]
[EventCountry "IND"]
[SourceTitle "CBM 162 Extra"]
[Source "ChessBase"]
[SourceDate "2014.10.17"]
[SourceVersion "1"]
[SourceVersionDate "2014.10.17"]
[SourceQuality "1"]

1. d4 Nf6 2. Nf3 d5 3. e3 c5 4. b3 g6 5. Bd3 Bg7 6. 0-0 Nc6 7. a3 cxd4 8. exd4 0-0 9. Bb2 Qb6 10. Re1 Bg4 11. Nbd2 Nd7 12. c3 e5 13. dxe5 Ndxe5 14. Be2 Rfe8 15. b4 Rad8 16. h3 Bxf3 17. Nxf3 Nxf3+ 18. Bxf3 Rxe1+ 19. Qxe1 Ne5 20. Be2 Re8 21. Qf1 Qc7 22. Rd1 Nc4 23. Bxc4 Qxc4 24. Qxc4 dxc4 25. Kf1 b5 26. Rd5 a6 27. a4 Rb8 28. a5 Kf8 29. Rd6 Ra8 30. Ke2 Ke7 31. Rb6 Bh6 32. g3 Rd8 33. f4 Rd3 34. Rxa6 Rxg3 35. Ra7+ Ke6 36. Kd1 Rxh3 37. Rb7 Bxf4 38. Kc2 Rd3 39. Rxb5 Rd2+ 40. Kb1 h5 41. a6 h4 42. Rb6+ Kf5 43. a7 Rd8 44. Rb7 h3 45. Bc1 Bd6 46. Rd7 Ra8 47. Rxd6 Rxa7 48. Rd4 g5 49. Rd5+ Kg4 50. Rxg5+ Kf3 51. Rf5+ Kg3 52. Bf4+ Kg4 53. Rf6 Re7 54. Bd6 Rd7 55. Rf4+ Kg3 56. Rd4+ Kg2 57. Kc2 f5 58. Kd2 Rf7 59. Rxc4 h2 60. Bxh2 Kxh2 61. b5 f4 62. Rxf4 Rxf4 63. Kd3 Kg3 64. c4 Rf1 65. b6 Rb1 66. c5 Kf4 67. Kd4 Kf5 68. Kd5 Rd1+ 69. Kc6 Ke6 70. b7 Rb1 71. Kc7 Kd5 72. c6 Kc5 73. Kd7 Rb6 74. c7 Rxb7 75. Kd8 Rxc7 76. Kxc7 1/2-1/2